| 000 | 00712nam a2200205Ia 4500 | ||
|---|---|---|---|
| 003 | GCL | ||
| 008 | 140319s9999 xx 000 0 ara d | ||
| 040 |
_aGCL / _cGCL |
||
| 082 | 0 | 4 |
_aد _b050 _bم ع |
| 245 | 1 | 0 | _aعالم الفكر ( مج29 \ع3 \ 2001 ) |
| 250 | _aالاولى | ||
| 260 |
_aالكويت : _bالمجلس الوطنى للثقافة والفنون والاداب ، _c2001 |
||
| 650 | 0 | 4 | _aفن كتابة الشعر |
| 650 | 0 | 4 | _aالتنوير |
| 650 | 0 | 4 | _aالنهضة - البلدان العربية |
| 650 | 0 | 4 | _aالعالم العربى - الاحوال السياسية |
| 650 | 0 | 4 | _aالثقافة - العولمة |
| 650 | 0 | 4 | _aابن رشد - مقالات |
| 942 |
_2ddc _cCR |
||
| 999 |
_c7663 _d7663 |
||